Un lunes por la mañana /
Guardado en:
| Autor Principal: | |
|---|---|
| Otros Autores: | |
| Formato: | Libro |
| Publicado: |
Buenos Aires :
Fondo de Cultura Económica,
2013
|
| Series: | Los Especiales de A la orilla del viento
|
| Materias: | |
| Etiquetas: |
Agregar Etiqueta
Sin Etiquetas, Sea el primero en etiquetar este registro!
|
| LEADER | 00942nam a22002775a 4500 | ||
|---|---|---|---|
| 001 | CEM.cems015375 | ||
| 005 | 20191129161117.0 | ||
| 008 | 130507s2013##################000#0#####d | ||
| 003 | CEMS | ||
| 020 | |a 9789505579495 | ||
| 082 | 0 | 4 | |a 891.85 |
| 100 | 1 | |a Shulevitz, Uri | |
| 245 | 1 | 0 | |a Un lunes por la mañana / |c Uri Shulevitz ; traducido Por Andrea Fuentes Silva |
| 260 | |a Buenos Aires : |b Fondo de Cultura Económica, |c 2013 | ||
| 300 | |a 52 p. | ||
| 490 | 0 | |a Los Especiales de A la orilla del viento | |
| 500 | |a One Monday Morning | ||
| 653 | |a Literatura | ||
| 653 | |a Literatura polaca | ||
| 653 | |a Literatura infantil | ||
| 653 | |a Cuentos infantiles | ||
| 653 | |a Colección ciencias de la educación | ||
| 653 | |a Libro Álbum | ||
| 700 | 1 | |a Fuentes Silva, Andrea; trad. | |
| 859 | |a CEMS |b BIB. CEMS - Ccias. Educacion |h 891.85 |i Sh924 |k CE |p 28685.19 |t Ej.1 | ||
| 859 | |a CEMS |b BIB. CEMS - Ccias. Educacion |h 891.85 |i Sh924 |k CE |p 28686.19 |t Ej.2 | ||
